[Event "Charleroi op"]
[Site "Charleroi"]
[Date "2018.08.01"]
[Round "6"]
[White "De Weird, Matthias"]
[Black "Kasparova, Tatiana"]
[Result "1-0"]
[WhiteElo "1962"]
[BlackElo "2090"]
[PlyCount "43"]
[EventDate "2018.07.28"]
[EventType "swiss"]
[EventRounds "9"]
[EventCountry "BEL"]
[SourceTitle "CBM 185 Extra"]
[Source "ChessBase"]
[SourceDate "2018.07.29"]
[SourceVersion "1"]
[SourceVersionDate "2018.07.29"]
[SourceQuality "1"]

1. e4 d6 2. d4 Nf6 3. Bd3 e5 4. c3 Nbd7 5. f4 g6 6. Nf3 exf4 7. Bxf4 Bg7 8. 0-0 0-0 9. h3 Nh5 10. Bh2 Bh6 11. Nbd2 Nf4 12. Qc2 Nxd3 13. Qxd3 Nf6 14. g4 Bg7 15. e5 dxe5 16. Nxe5 h5 17. g5 Nh7 18. h4 Bf5 19. Rxf5 gxf5 20. g6 fxg6 21. Qc4+ Kh8 22. Nxg6# 1-0

[Event "World Amateur-ch U2300"]
[Site "Spoleto"]
[Date "2017.04.02"]
[Round "2"]
[White "Nannelli, Paolo"]
[Black "De Weird, Matthias"]
[Result "1-0"]
[WhiteElo "2189"]
[BlackElo "1952"]
[PlyCount "53"]
[EventDate "2017.04.01"]
[EventType "swiss"]
[EventRounds "9"]
[EventCountry "ITA"]
[SourceTitle "CBM 177 Extra"]
[Source "ChessBase"]
[SourceDate "2017.04.27"]
[SourceVersion "1"]
[SourceVersionDate "2017.04.27"]
[SourceQuality "1"]

1. c4 d6 2. d4 g6 3. e4 Bg7 4. Nc3 Nc6 5. Be3 f5 6. exf5 Bxf5 7. h3 e5 8. Nf3 exd4 9. Nxd4 Nge7 10. Be2 0-0 11. 0-0 Qd7 12. Rc1 Rae8 13. Re1 Nxd4 14. Bxd4 Bxd4 15. Qxd4 Nc6 16. Qd2 Qf7 17. Bf1 Ne5 18. b3 Bxh3 19. Rxe5 Rxe5 20. gxh3 Rfe8 21. Nd5 c6 22. Ne3 Qf4 23. Rd1 R8e6 24. Bg2 Qg5 25. Qd4 b5 26. cxb5 cxb5 27. Rc1 1-0

[Event "Geraardsbergen op"]
[Site "Geraardsbergen"]
[Date "2013.08.10"]
[Round "2"]
[White "Wiley, Tom E"]
[Black "De Weird, Matthias"]
[Result "1-0"]
[WhiteElo "2258"]
[BlackElo "1730"]
[PlyCount "39"]
[EventDate "2013.08.10"]
[EventType "swiss"]
[EventRounds "9"]
[EventCountry "BEL"]
[SourceTitle "CBM 155 Extra"]
[Source "ChessBase"]
[SourceDate "2013.08.26"]
[SourceVersion "1"]
[SourceVersionDate "2013.08.26"]
[SourceQuality "1"]

1. d4 Nf6 2. c4 c5 3. d5 d6 4. Nc3 g6 5. e4 Bg7 6. Bd3 e6 7. h3 exd5 8. exd5 0-0 9. Nf3 Re8+ 10. Be3 Na6 11. 0-0 Bd7 12. Bf4 Nb4 13. Bb1 Qb6 14. Qd2 Na6 15. a3 Nh5 16. Bh2 f5 17. Bd3 Nf6 18. Rab1 h6 19. Nh4 Kf7 20. g4 1-0

[Event "BEL-ch U18/20"]
[Site "Bruges"]
[Date "2012.04.14"]
[Round "9"]
[White "Comhaire, Cedric"]
[Black "De Weird, Matthias"]
[Result "0-1"]
[WhiteElo "1893"]
[BlackElo "1523"]
[PlyCount "46"]
[EventDate "2012.04.08"]
[EventType "swiss"]
[EventRounds "9"]
[EventCountry "BEL"]
[SourceTitle "CBM 147 Extra"]
[Source "ChessBase"]
[SourceDate "2012.04.24"]
[SourceVersion "1"]
[SourceVersionDate "2012.04.24"]
[SourceQuality "1"]

1. e4 e5 2. Nf3 Nc6 3. d4 exd4 4. Bc4 Bc5 5. c3 Nf6 6. e5 d5 7. Bb5 Ne4 8. Nxd4 Bd7 9. Bxc6 bxc6 10. 0-0 0-0 11. Nd2 Nxd2 12. Bxd2 Bb6 13. f4 c5 14. Nf3 Bb5 15. Re1 Bd3 16. Be3 Be4 17. Ng5 Bf5 18. g4 Bc8 19. Qd3 g6 20. f5 c4 21. Qd2 Qxg5 22. Qxd5 Bxe3+ 23. Kh1 Rb8 0-1